00422nam a22001337a 4500003000400000008004100004082001800045100002800063245011000091260003200201300000900233502001500242650003100257OSt260424b |||||||| |||| 00| 0 eng d a634.421bS48E aSingh, Shailendra Kumar aEffect of Triacontanol and Urea on Yield and Quality of Guava (Psidium Guajava Linn) cv. Allahabad Safeda aPusa, SamastipurbRAUc2005 a47P. bMsc.d2005 aFruit and Fruit Technology